| 000 | 01357cam a22003375a 4500 | ||
|---|---|---|---|
| 001 | L156465 | ||
| 008 | 120525s2005 xxk f 000 0 eng d | ||
| 020 | _a0727733435 | ||
| 035 | _a(Sirsi) u156465 | ||
| 041 | 0 | _aeng | |
| 050 | 0 | 4 | _a624.08 |
| 100 | 1 | _aBaldwin, Robert | |
| 245 | 0 | 0 |
_aVisions of reconstruction 1940-1948 _bplanning the engineered infrastructure for a post-war economy _bwindows on the view from Great George Street |
| 260 |
_aLondon _bThomas Telford _c2005. |
||
| 300 |
_a202p.illus. _c18cm. |
||
| 350 | _a20 | ||
| 520 | _aIn 2004 Institution of Civil Engineers (ICE) held an exhibition to commerate the 60th anniversary of its Practical Planning Exhibition held at ICE HQ in Great George Street in 1944 looking at the role of civil engineers in post Second World World reconstruction. It covered infrastructure including railways, roads and motorways, docks and airports, town and country planning, construction of New Towns Photographs and Bibliography. | ||
| 590 | _aNA | ||
| 650 | 2 | 4 | _aINSTITUTION OF CIVIL ENGINEERS |
| 650 | 2 | 4 | _aRAILWAYS |
| 650 | 2 | 4 | _aDOCKS |
| 650 | 2 | 4 | _aROAD |
| 650 | 2 | 4 | _aMOTORWAYS |
| 650 | 2 | 4 | _aNEW TOWNS |
| 650 | 2 | 4 | _aTOWN AND COUNTRY PLANNING |
| 651 | 4 | _aENGLAND AND WALES | |
| 690 |
_aInfrastructure _96246 |
||
| 700 | 1 | _aChrimes, Michael | |
| 700 | 1 | _aBaldwin, Peter | |
| 942 | _n0 | ||
| 999 |
_c114266 _d114266 |
||